| 000 | 00993nam a2200229Ia 4500 | ||
|---|---|---|---|
| 001 | 16849 | ||
| 005 | 20260330164546.0 | ||
| 008 | 260306t2012||||xx |||||||||||||| ||und|| | ||
| 041 | _aESP | ||
| 082 |
_a657.044 _bR81 |
||
| 100 |
_aRomero López, Álvaro Javier _eAUT |
||
| 245 | 0 |
_aContabilidad intermedia: _bNIF A-6, A-7,C-1,C-2,C-3,C-4,C-5,C-6,C-8,C-9,C-11, inventarios perpetuos y cuentas de orden |
|
| 260 | _c2012 | ||
| 300 |
_axiii, 544 páginas : _c27 cm. |
||
| 650 | _aGEN | ||
| 654 | _aCCO | ||
| 856 |
_uhttps://itmsp.museknowledge.com/UCSP?url=https://www.ebooks7-24.com:443/?il=10418&pg=4 _zVersión digital (2020) |
||
| 856 |
_uhttps://0u213uppf-y-https-ebooks7--24-com.itmsp.museknowledge.com/biblioteca.aspx _zVéase además: Base de datos Ebook7-24 |
||
| 856 |
_uhttps://www.legismovil.pe/lnp.asp _zVéase además: Base de datos Legis Móvil |
||
| 856 |
_uhttps://legal.legis.com.pe/home/Corporativo _zVéase además: Base de datos Multilegis |
||
| 942 |
_cLIB _dJUS _fJUS _2ddc |
||
| 999 |
_c16849 _d16849 |
||